000 05885 a2200469 4500
005 20080910112649.0
008 080910t xxu||||| |||| 00| 0 hin d
010 _aHIN-79382 B-298600-616
020 _a8188318736
_c225.00
035 _aHN-51728
035 _aB-298600-616
037 _bD.B.Act / pub
040 _adpl
_bHIN
082 _a808.4
100 _aबंद्रवाल, प्रवीण कुमार
245 _aलक्ष्य हिन्दी निबंध/
_cप्रवीण कुमार ब्रंद्रवाल
246 _aLakshya Hindi Nibandh
_bby Praveen Kumar Bandrawal
260 _aनई दिल्ली
_bसन शाइन बुक्स
_c2007
270 _a4760-61,द्वितीय तल, 23,अंसारी रोड,दरियागंज
_bनई दिल्ली
_e110002
300 _a200पृ
_c22 सेमी (सजिल्द)
650 _aHindi Nibandh
942 _adpl
_cHN
_k808.4 / बंद्रवा
_2ddc
_h808.4
_mबंद्रवा
999 _c1663
_d1663